La cultura de la espada De honor, duelos y otros lances /

Bibliographic Details
Main Author: Sǹchez, Raquel
Other Authors: Guillň Berrendero, Jos ̌Antonio
Format: eBook
Language:Spanish
Published: Madrid: Dykinson, 2019
Subjects:
Online Access:Acceso restringido

MARC

LEADER 00000nam a22000007a 4500
005 2019082900150.0
007 cr|||| ||||
008 190829s2019 es |||||s|||| 00||0 spa d
020 |a 978-84-1324-244-6 
035 |a 24235 
040 |a vLex 
090 |c 9312  |d 9312 
100 1 |a Sǹchez, Raquel 
245 1 2 |a La cultura de la espada  |h [Recurso electrn̤ico] :  |b De honor, duelos y otros lances /  |c Raquel Sǹchez, Jos ̌Antonio Guillň Berrendero 
256 |a Servicio en ln̕ea 
260 |a Madrid:  |b Dykinson,  |c 2019 
300 |a 1 recurso electrn̤ico 
500 |a Duelo, honor, nobleza y violencia han sido temas nucleares en la composicin̤ de las sociedades humanas. En este sentido, el significado del concepto del honor y su patrimonializacin̤ por parte de determinados grupos sociales ha tenido un papel muy relevante en el imaginario mental de las sociedades del pasado, surgiendo ante nosotros como un objeto de estudio que merece ser estudiado a fondo. Este libro quiere ofrecer, desde una perspectiva multifocal, diferentes acercamientos a un tema como este, sugestivo y conflictivo. Las razones por las cuales las personas recurra̕n al uso de la violencia como mecanismo para la resolucin̤ de conflictos, las respuestas en contra que desde el poder y la legislacin̤ se ofreca̕n, as ̕como el peso que en la opinin̤ pb︢lica tena̕n este tipo de prc̀ticas, orienta buena parte de los trabajos que aqu ̕se ren︢en. Profesores de diferentes universidades y r̀eas de conocimiento analizan el fenm̤eno del duelo desde el punto de vista de las formas de reproduccin̤ de la cultura de la espada y del honor entre los siglos XV Y XX. 
506 1 |a Disponible solo en los productos indicados  |d vLex Global  |d vLex Global (Academic Edition, excluding Law Schools)  |d vLex Global (U.S. Academic Edition, Law Schools)  |d vLex Global (U.S. Academic Edition, excluding Law Schools)  |d vLex Global (Academic Edition, Law Schools) 
650 0 4 |a Derecho Militar  |z Espaą 
700 1 |a Guillň Berrendero, Jos ̌Antonio 
740 0 |a vLex Libros (Servicio en ln̕ea) 
856 4 0 |u http://vlex.com/source/cultura-de-la-espada-de-honor-duelos-y-otros-lances-24235  |z Acceso restringido 
942 |c BOOK 
999 0 |a Military Law